| 000 | 00638nam a22002057a 4500 | ||
|---|---|---|---|
| 003 | OSt | ||
| 005 | 20130524134642.0 | ||
| 008 | 130524s1994 sp ||||| |||| 00| 0 spa d | ||
| 020 | _a840359352X | ||
| 040 | _cCDMR | ||
| 100 | 1 |
_93522 _aBarea, Pedro |
|
| 245 | 1 | 3 |
_aLa estirpe de Sautier _b: la época dorada de la radionovela en España (1924-1964) _cPedro Barea ; prólogo de Román Gubern |
| 260 |
_aMadrid _bEl País/Aguilar _cDL 1994 |
||
| 300 | _a235 p. | ||
| 490 | 0 | _aVisto y Leído | |
| 650 | 0 | 4 |
_91720 _aRadiodifusió _yS. XX _zEspanya |
| 650 | 0 | 4 |
_91724 _aRàdio _xProgramació |
| 700 | 1 |
_9389 _aGubern, Romà _epr. |
|
| 942 |
_2udc _cMON |
||
| 999 |
_c6321 _d6321 |
||